00742nam a2200193Ia 4500001000700000008004100007082001700048110009400065245007300159260006600232300001800298503002100316504002400337650001700361650003200378650001400410650002600424710009800450Z_6328220601s9999 xx 000 0 und d a636.0896 U53 aUniversidad Nacional Autónoma de México. Facultad de Medicina Veterinaria y Zootecnia aZoonosis parasitarias / Facultad de medicina veterinaria y zootecnia aMéxico : UNAM, Facultad de Medicina Veterinaria y Zootecnia a510 páginas aej.1: Donación aIncluye bibligrafia a1. Zoonosis  aEnfermedades transmisibles  aZoonoses  aCommunicable diseases aUniversidad Nacional Autónoma de México. Facultad de Medicina Veterinaria y Zootecnia Ì